| 000 | 00765nam a2200193 a 4500 | ||
|---|---|---|---|
| 003 | 0 | ||
| 005 | 20250428112805.0 | ||
| 008 | 080527s19uu xx 00 eng d | ||
| 050 |
_aPHS LB 1050.5 _b.A25 2005 |
||
| 100 | _aAckermann, Natascha O. | ||
| 245 |
_aThe Perceptions of Silay Institute University students on the effects of television viewing habits on the reading interests of students / _cNatascha O. Ackermann. |
||
| 260 |
_aLas PiƱas City, Philippines : _bSouthville International School and Colleges, _c2005. |
||
| 300 |
_a34 pages : _billustrations ; _c28 cm. |
||
| 504 | _aIncludes bibliographical references. | ||
| 650 | _aReading interests. | ||
| 650 | _aTelevision and youth. | ||
| 650 |
_aTelevision _xPsychological aspects. |
||
| 942 |
_2lcc _cPASS |
||
| 999 |
_c97176 _d97176 |
||